| 000 | 01318pam a2200313 a 4500 | ||
|---|---|---|---|
| 001 | 3384576 | ||
| 003 | OSt | ||
| 005 | 20231123160757.0 | ||
| 008 | 881216s1989 enka bf 001 0 eng | ||
| 010 | _a 88036786 | ||
| 020 | _a0470214147 (U.S.) | ||
| 040 |
_aDLC _cDLC _dDLC |
||
| 050 | 0 | 0 |
_aQD261 _b.V63 1989 |
| 082 | 0 | 0 |
_a547 _bVOG/T |
| 100 |
_aVogel, Arthur Israel. _99941 |
||
| 245 | 1 | 0 | _aVogel's Textbook of practical organic chemistry. |
| 250 |
_a5th ed. / _brev. by Brian S. Furniss ... [et al.]. |
||
| 260 |
_aLondon : _bLongman Scientific & Technical ; _aNew York : _bWiley, _c1989. |
||
| 300 |
_axxviii, 1514 p. : _bill. ; _c24 cm. |
||
| 500 | _aFourth ed. published in 1978 under title: Vogel's Textbook of practical organic chemistry, including qualitative organic analysis. | ||
| 504 | _aIncludes bibliographies and index. | ||
| 650 | 0 |
_aChemistry, Organic _xLaboratory manuals. |
|
| 650 | 0 |
_aAnalytical chemistry _xQualitative. |
|
| 700 | 1 |
_aFurniss, Brian S. _q(Brian Stanley), _d1941- |
|
| 700 | 1 |
_aVogel, Arthur Israel. _tVogel's Textbook of practical organic chemistry, including qualitative organic analysis. |
|
| 740 | 0 | _aTextbook of practical organic chemistry. | |
| 906 |
_a7 _bcbc _corignew _d1 _eocip _f19 _gy-gencatlg |
||
| 942 |
_2ddc _cBK _h547 _iVOG/T _k547 _mVOG/T |
||
| 999 |
_c41871 _d41871 |
||